Southville International School and Colleges
Your cart is empty.
  • Cart
  • Lists
    Public lists Eva Luna New books Lux_list list_1
    Your lists Log in to create your own lists
  • Log in to your account
  • Your cookies
  • Search history
Southville International School and Colleges
  • Advanced search
  • Recent comments
  • Most popular
  • Libraries

Log in to your account

Log in with GOOGLE


If you do not have an external account, but do have a local account, you can still log in:

  1. Home
  2. MARC view: Business and professional ethics :
Normal view MARC view ISBD view

Business and professional ethics : (Record no. 14972)

[ view plain ]
MARC details
000 -LEADER
fixed length control field 00514nam a22001697a 4500
003 - CONTROL NUMBER IDENTIFIER
control field PILC
005 - DATE AND TIME OF LATEST TRANSACTION
control field 20150112093447.0
008 - FIXED-LENGTH DATA ELEMENTS--GENERAL INFORMATION
fixed length control field 131016t xxu||||| |||| 00| 0 eng d
020 ## - INTERNATIONAL STANDARD BOOK NUMBER
International Standard Book Number 9780324594775
050 ## - LIBRARY OF CONGRESS CALL NUMBER
Classification number HF 5387
Item number .B873 2010
100 ## - MAIN ENTRY--PERSONAL NAME
Personal name Brooks, Leonard J.
9 (RLIN) 29479
245 ## - TITLE STATEMENT
Title Business and professional ethics :
Remainder of title for Directors, Executives & Accountant /
Statement of responsibility, etc Leonard J. Brooks
250 ## - EDITION STATEMENT
Edition statement 5th ed.
260 ## - PUBLICATION, DISTRIBUTION, ETC. (IMPRINT)
Place of publication, distribution, etc Canada ;
Name of publisher, distributor, etc Cengage Learning .
-- yz2010.
300 ## - PHYSICAL DESCRIPTION
Extent 575 pages :
Dimensions 28 cm.
942 ## - ADDED ENTRY ELEMENTS (KOHA)
Source of classification or shelving scheme Library of Congress Classification
Koha item type Books
Holdings
Withdrawn status Lost status Source of classification or shelving scheme Damaged status Home library Current library Shelving location Date acquired Total Checkouts Full call number Barcode Date last seen Copy number Price effective from Koha item type
    Library of Congress Classification   Southville International School Affiliated with Foreign Universities Library Southville International School Affiliated with Foreign Universities Library Southville Foreign University Section 10/16/2013   HF 5387 .B873 2010 SFU1706 05/15/2018 1 10/16/2013 Books

Business and professional ethics :

APA

Brooks L. J., .Business and professional ethics. Canada: Cengage Learning.

Chicago

Brooks Leonard J, .Business and professional ethics. Canada: Cengage Learning.

Harvard

Brooks L. J., .Business and professional ethics. Canada: Cengage Learning.

MLA

Brooks Leonard J, .Canada: Cengage Learning. .

  • Place hold
  • Print
  • Cite
  • Add to your cart (remove)
  • Save record
    BIBTEX Dublin Core MARCXML MARC (non-Unicode/MARC-8) MARC (Unicode/UTF-8) MARC (Unicode/UTF-8, Standard) MODS (XML) RIS
  • More searches
    Search for this title in:
    Other Libraries (WorldCat) Other Databases (Google Scholar) Online Stores (Bookfinder.com) Open Library (openlibrary.org)

Exporting to Dublin Core...

SOUTHVILLE LIBRARY

Southville International School and Colleges Library

1281 Tropical Ave. Cor. Luxembourg St., BF Homes International, Las Pinas City

Tel. No. 8256374 / 252358 Loc. 117/146

Powered by Koha